Application of CPM in the construction industry /
Saved in:
| 主要作者: | |
|---|---|
| 格式: | Thesis 圖書 |
| 語言: | English |
| 出版: |
1996.
|
| 主題: | |
| 標簽: |
添加標簽
沒有標簽, 成為第一個標記此記錄!
|
| LEADER | 00745cam a2200229 a 4500 | ||
|---|---|---|---|
| 001 | u404532 | ||
| 003 | SIRSI | ||
| 008 | 961031s1996 si v 00 1 eng m | ||
| 035 | |a ACB-6410 | ||
| 040 | |a UMM | ||
| 090 | |a TA194 |b Oh | ||
| 100 | 1 | 0 | |a Oh, Boon Yew. |
| 245 | 1 | 0 | |a Application of CPM in the construction industry / |c by Oh Boon Yew. |
| 260 | |c 1996. | ||
| 300 | |a ii, 52 leaves ; |c 31 cm. | ||
| 502 | |a Dissertation (M.Sc.) -- National University of Singapore, 1996. | ||
| 504 | |a Bibliography: leaves 51-52. | ||
| 650 | 0 | |a Critical path analysis. | |
| 650 | 0 | |a Construction industry |x Management. | |
| 948 | |a 31/10/1996 |b 25/11/2000 | ||
| 596 | |a 1 | ||
| 999 | |a TA194 OH |w LC |c 1 |i A506388805 |d 17/2/2009 |e 17/2/2009 |l STACKS |m P01UTAMA |n 5 |r Y |s Y |t TESIS |u 4/2/1997 | ||
